Online
Catalog

El mar negro : (Record no. 29669)

MARC details
000 -CABECERA
campo de control de longitud fija 00755nam a2200193 a 4500
001 - NÚMERO DE CONTROL
campo de control 000030177
005 - FECHA Y HORA DE LA ÚLTIMA TRANSACCIÓN
campo de control 20200930060116.0
008 - DATOS DE LONGITUD FIJA--INFORMACIÓN GENERAL
campo de control de longitud fija 110503s2001 sp 000 0 spa d
020 ## - NÚMERO INTERNACIONAL ESTÁNDAR DEL LIBRO
Número Internacional Estándar del Libro 848310721X
040 ## - FUENTE DE LA CATALOGACIÓN
Centro catalogador/agencia de origen DO-SdBNP
Lengua de catalogación spa
Centro/agencia transcriptor BNPHU
100 1# - ENTRADA PRINCIPAL--NOMBRE DE PERSONA
Nombre de persona Ascherson, Neal
9 (RLIN) 56889
240 10 - TÍTULO UNIFORME
Título uniforme Black sea. The birtbplace of civilisation and barbarism
Lenguaje de la obra Inglés
245 10 - MENCIÓN DE TÍTULO
Título El mar negro :
Resto del título Cuna de la civilización y la barbarie /
Mención de responsabilidad, etc. Neal Ascherson ; traductor María Luz García de la Hoz.
260 ## - PUBLICACIÓN, DISTRIBUCIÓN, ETC.
Lugar de publicación, distribución, etc. Barcelona :
Nombre del editor, distribuidor, etc. Tusquets Editores,
Fecha de publicación, distribución, etc. 2001.
300 ## - DESCRIPCIÓN FÍSICA
Extensión 356 p. ;
Dimensiones 23 cm.
500 ## - NOTA GENERAL
Nota general Incluye datos biográficos del autor en la solapa de la contracubierta
500 ## - NOTA GENERAL
Nota general Traducido del idioma inglés
700 1# - PUNTO DE ACCESO ADICIONAL--NOMBRE DE PERSONA
Nombre de persona García de la Hoz, María Luz,
Término indicativo de función/relación trad.
9 (RLIN) 56890
Holdings
Estado de retiro Estado de pérdida Restricciones de uso No para préstamo Código de colección Localización permanente Ubicación/localización actual Ubicación en estantería Fecha de adquisición Número de inventario Total de préstamos Signatura topográfica completa Código de barras Fecha visto por última vez Precio válido a partir de Tipo de ítem Koha
        Monografías: Libros y Folletos General General Orden iniciada 03.05.2011 LF1   30177-10 25.06.2020 25.06.2020 No se presta

Powered by Koha